000 00702nam a2200241 i 4500
001 C2-0097555
003 PPAK
005 20180727094120.0
008 970515s1992 nyua|||| ||||| | eng d
020 _a0671760904
040 _aPPAK
_beng
_cPPAK
_erda
082 0 4 _a070.92
_223
090 0 0 _a070.92
_bQUA
_dK
100 1 _aQuackenbush, Robert,
_eauthor
245 1 0 _aStop the presses, Midlie got a scoop !
264 1 _aNew York :
_bSimon & Schuster ,
_c1992
300 _a36 pages :
_bcolour illustrations ;
_c25 cm
336 _2rdacontent
_atext
337 _2rdamedia
_aunmediated
338 _2rdacarrier
_avolume
650 1 0 _aWomen journalists - United States Biography
942 _ddc
_cB
999 _c21414
_d21414